000 00788nam a22001937a 4500
999 _c371663
_d371663
008 201127b ||||| |||| 00| 0 eng d
040 _aDE-2950
_bger
_cDE-2950
_erda
041 _ager
245 _aWie ukrainische Flüchtlinge in Sprachkursen Deutsch lernen.
_bRussland-Ukraine-Krieg: 700 Stunden Deutschunterricht in rund acht Monaten stehen für die Teilnehmenden auf dem Programm. Es gibt mehrere Kursanbieter /
_cLisa Mahlke
264 _c2022
653 _aFrankfurt (Oder)
653 _aDeutschunterricht
653 _aGeflüchtete
773 _dFrankfurt (Oder) Märkisches Verlags- und Druckhaus GmbH & Co KG
_tMärkische Oderzeitung
_g33. Jahrgang (2022) Nr. 126 vom 01.06.2022, S. 16
942 _cA